01208cam a2200241 a 4500020001500000082003100015245038000046260004300426300004000469526003700509650003000546650003900576650004200615650001300657650001800670650003100688700003600719700003600755710004600791942001200837999001900849952009800868 a078440124100a624.1762bEARcL-39, P-18800aEarthquake-induced movements and seismic remediation of existing foundations and abutments :bproceedings of sessions sponsored by the Soil Dynamics Committee of the Geotechnical Engineering Division of the American Society of Civil Engineers in conjunction with the ASCE Convention in San Diego, California, October 23-27, 1995 /cedited by Steve Kramer and Raj Siddharthan. aNew York, N.Y. :bThe Society,cc1995. avii, 139 p. ;bill., maps ;c22 cm. a0b0c0d624_176200000000000_EAR 0aBridgesxAbutments946765 0aBridgesxEarthquake effects946766 0aBridgesxFoundations and piers921593 0aMCE9379 0aSoil dynamics 0aSoil structure interaction1 aKramer, Steven Lawrence.9362941 aSiddharthan, Rajaratnam,9467672 aAmerican Society of Civil Engineers.9702 2ddccBK c549999d549999 00102ddc4070aMCEbMCEd2014-10-17l0o624.1762 EARpMCE-43502r2014-10-17w2014-10-17yBK